Statistiques concernant Les Pokémons de type Vol

Cliquez ici pour prendre le quiz!

Statistiques générales

  • Ce quiz a été pris 268 fois
    (154 depuis la dernière actualisation)
  • Le résultat moyen est 88 sur 114

Statistiques - réponses

Gen.Type 1Type 2Pokémon% Correct
I006VolFeuDracaufeu
100%
I012VolInsectePapilusion
100%
I018VolNormalRoucarnage
100%
I016VolNormalRoucool
100%
I017VolNormalRoucoups
99%
I149VolDragonDracolosse
97%
I021VolNormalPiafabec
97%
I022VolNormalRapasdepic
97%
I146VolFeu | TénèbresSulfura
94%
I144VolGlace | PsyArtikodin
93%
I145VolCombat | ElectrikÉlecthor
93%
IV398VolNormalÉtouraptor
91%
IV396VolNormalÉtourmi
91%
IV397VolNormalÉtourvol
90%
II249VolPsyLugia
90%
I042VolPoisonNosferalto
90%
I041VolPoisonNosferapti
90%
II250VolFeuHo-Oh
88%
I142VolRochePtéra
87%
II227VolAcierAirmure
86%
II189VolPlanteCotovol
86%
II188VolPlanteFloravol
86%
II187VolPlanteGranivol
86%
I123VolInsecteInsécateur
86%
II177VolPsyNatu
86%
II178VolPsyXatu
86%
III279VolEauBekipan
85%
V521VolNormalDéflaisan
85%
III278VolEauGoélise
85%
I130VolEauLéviator
85%
III276VolNormalNirondelle
85%
II169VolPoisonNostenfer
85%
V519VolNormalPoichigeon
85%
V520VolNormalColombeau
84%
I084VolNormalDoduo
84%
III277VolNormalHélédelle
84%
I085VolNormalDodrio
83%
III373VolDragonDrattak
83%
IV468VolFéeTogekiss
83%
IV493VolArceus
81%
II198VolTénèbresCornèbre
81%
VI663VolFeuFlambusard
81%
V628VolNormal | PsyGueriaigle
81%
II163VolNormalHoothoot
81%
II164VolNormalNoarfang
81%
III357VolPlanteTropius
81%
III267VolInsecteCharmillon
80%
V645VolSolDémétéros
80%
III384VolDragonRayquaza
80%
V641VolBoréas
79%
IV430VolTénèbresCorboss
79%
V627VolNormalFuraiglon
79%
II176VolFéeTogetic
79%
V629VolTénèbresVostourno
79%
IV425VolSpectreBaudrive
78%
VI662VolFeuBraisillon
78%
V642VolElectrikFulguris
78%
VI661VolNormalPasserouge
78%
II207VolSolScorplane
78%
IV472VolSolScorvol
78%
V630VolTénèbresVaututrice
78%
I083VolNormalCanarticho
77%
IV426VolSpectreGrodrive
76%
V561VolPsyCryptéro
74%
II165VolInsecteCoxy
73%
II166VolInsecteCoxyclaque
73%
IV414VolInsectePapilord
73%
III334VolDragonAltaria
72%
V566VolRocheArkéapti
72%
II226VolEauDémanta
72%
V587VolElectrikEmolga
72%
IV458VolEauBabimanta
71%
V581VolEauLakmécygne
71%
V528VolPsyRhinolove
71%
IV492VolPlanteShaymin
71%
III333VolNormalTylton
71%
II193VolInsecteYanma
71%
VII733VolNormalBazoucan
70%
VI701VolCombatBrutalibré
70%
V527VolPsyChovsourir
70%
IV479VolElectrikMotisma
70%
VII731VolNormalPicassaut
70%
V567VolRocheAéroptéryx
69%
IV416VolInsecteApireine
69%
IV415VolInsecteApitrini
69%
II225VolGlaceCadoizo
69%
VII732VolNormalPiclairon
69%
VI717VolTénèbresYveltal
69%
VI715VolDragonBruyverne
67%
VIII823VolAcierCorvaillus
67%
V580VolEauCouaneton
67%
IV469VolInsecteYanmega
67%
VI714VolDragonSonistrelle
66%
VI666VolInsectePrismillon
65%
VII722VolPlanteBrindibou
64%
III284VolInsecteMaskadra
64%
VIII821VolMinisange
64%
VII723VolPlanteEfflèche
63%
VIII822VolBleuseille
62%
III291VolInsecteNinjask
62%
IV441VolNormalPijako
60%
VII741VolElectrik | Feu | Psy | SpectrePlumeline
60%
VII773VolSilvallié
59%
VIII845VolEauNigosier
50%
VIII905VolFéeAmovénus
49%
VII797VolAcierBamboiselle
48%
VII774VolRocheMéténo
42%

Distribution des résultats

Percentile par nombre de réponses

% des personnes avec chaque résultat

Votre développement - résultats

Vous n’avez pas pris ce quiz depuis la dernière actualisation